00382 2200157 4500001002100000005001500021035002000036245003700056100001500093300002600108260003100134082000800165084001400173020002200187990001500209INLIS00000000000326520251203103839 a0010-12250000861 aCinta Paling Rumit /cBoy Candra0 aBoy Candra a344 hlm ;c13 x 19 cm aJakarta :bGramedia,c2024 a813 a813 BOY c a978-602-05-3067-3 a19740/B/26